Réfs de Friends - A - Statistiques

Statistiques générales
  • Ce quiz a été pris 385 fois
  • Le résultat moyen est 9 sur 16
Statistiques - réponses
Par images Hint Réponse % Correct
Métier Acteur
99%
Continent où se déroule la série Amérique
88%
Nom de l'actrice Aniston
86%
Que perdent les filles suite au quizz ? Appartement
86%
Lieu de cette scène Aéroport
84%
La série qu'ils regardent Alerte à Malibu
74%
Doublure des fesses Al Pacino
69%
Prénom Amy
68%
Le secret que révèle Chandler à Owen Adoption
66%
Déguisement Armadillo des Vacances
38%
Nom du restaurant Alessandro's
27%
Prénom Amanda
26%
Phoebe perd les eaux alors qu'ils partaient pour... Atlantic City
26%
Prénom Althéa (Nana)
22%
Prénom Alan
21%
Prénom Angela
13%
Aucun quiz correspondant
Distribution des résultats
% des personnes avec chaque résultat
Percentile par nombre de réponses
Votre historique - résultats
Vous n’avez pas pris ce quiz